MARC

LEADER 00000nam0a2200000 4500
001 114584
005 20231031122312.0
020 |a RU  |b 87-57958 
035 |a (RuTPU)RU\TPU\book\123910 
090 |a 114584 
100 |a 20070424d1987 km y0rusy5003 ca 
101 0 |a rus 
102 |a RU 
105 |a a j 001zy 
200 1 |a Задачи студенческих математических олимпиад  |f В. А. Садовничий, А. Г. Григорьян, С. В. Конягин 
210 |a Москва  |c Изд-во МГУ  |d 1987 
215 |a 308,[2] с.  |c ил. 
320 |a Библиогр.: с. 310 (6 назв.). 
610 1 |a математика высшая 
610 1 |a задачи 
610 1 |a математические олимпиады 
610 1 |a решения 
610 1 |a учебные пособия 
675 |a 51(07)  |z rus 
700 1 |a Садовничий  |b В. А.  |g Виктор Антонович  |4 070 
702 1 |a Григорьян  |b А. А.  |g Александр Асатурович  |4 070 
702 1 |a Конягин  |b Сергей Владимирович  |g С. В.  |4 070 
801 0 |a RU  |b RuMRKP  |c 19950417  |g psbo 
801 1 |a RU  |b 63413507  |c 20070424  |g PSBO 
801 2 |a RU  |b 63413507  |c 20080918  |g PSBO 
942 |c BK